00531nam a2200193 i 4500001001100000003000500011005001700016008004100033040002500074082001500099245001500114264003700129300002400166336002100190337002500211338002300236500005100259650002700310C2-0232700PPAK20180728085910.0010206s1971 xxc |||| ||||| | eng d aPPAKbengcPPAKerda04a808.8322300aWeird show 1aCanada : bPlayboy Book , c1971 a192 pages ; c17 cm 2rdacontentatext 2rdamediaaunmediated 2rdacarrieravolume aSixteen stories of horror and the supernatural10aShort stories, English